| 000 | 00756nam a22001937a 4500 | ||
|---|---|---|---|
| 005 | 20251108174609.0 | ||
| 008 | 250721s2008 xx 000 0 ara d | ||
| 082 | 1 | 4 | _a344.02/عسا |
| 100 | 1 |
_aعساف، سمر عبد القادر _eمؤلف |
|
| 245 | 1 | 0 | _aالنظام القانوني لعقد التأمين الإلزامي من المسؤولية المدنية الناجمة عن استعمال المركبات : دراسة مقارنة / |
| 264 | 1 |
_aعمان : _bدار الراية للنشر و التوزيع، _c2008. |
|
| 300 | _a178 ص. | ||
| 650 | 1 | 7 | _aالتامين |
| 650 | 1 | 7 | _aالمركبات |
| 650 | 1 | 7 | _aوسااط النقل |
| 650 | 1 | 7 | _aتامين المركبات الآليه |
| 942 |
_2ddc _cBK |
||
| 999 |
_c113195 _d113195 |
||